SCMAD exam guide: (Record no. 26612)

MARC details
000 -LEADER
fixed length control field 01104nam a2200289 a 4500
005 - DATE AND TIME OF LATEST TRANSACTION
control field 20090520122024.0
008 - FIXED-LENGTH DATA ELEMENTS--GENERAL INFORMATION
fixed length control field 881109s1989 nyua b 001 0 eng
010 ## - LCCN (DPL NO)
LC control number ENG-93615
020 ## - INTERNATIONAL STANDARD BOOK NUMBER
International Standard Book Number 0070077886
Terms of availability 625.00
020 ## - INTERNATIONAL STANDARD BOOK NUMBER
International Standard Book Number 9780070077881
Terms of availability 625.00
035 ## - SYSTEM CONTROL NUMBER
System control number EN-77148
037 ## - SOURCE OF ACQUISITION
Source of stock number/acquisition DBAD / PUB
040 ## - CATALOGING SOURCE
Original cataloging agency dpl
Language of cataloging English
082 ## - DEWEY DECIMAL CLASSIFICATION NUMBER
Classification number 005.133
245 ## - TITLE STATEMENT
Title SCMAD exam guide:
Statement of responsibility, etc by Ko Ko Naing...[et al]
Remainder of title exam CX-310-110; sun certified mobile application developer /
260 ## - PUBLICATION, DISTRIBUTION, ETC. (IMPRINT)
Place of publication, distribution, etc New Delhi
Name of publisher, distributor, etc Tata McGraw-Hill Publishing
Date of publication, distribution, etc 2009
270 ## - ADDRESS
Address 7, West Patel Nagar,
City New Delhi
Postal code 110008
300 ## - PHYSICAL DESCRIPTION
Extent xix, 488 p.
Dimensions 25cm(pbk)
500 ## - GENERAL NOTE
General note Includes index
650 ## - SUBJECT ADDED ENTRY--TOPICAL TERM
Topical term or geographic name as entry element Java (Computer program language)
650 ## - SUBJECT ADDED ENTRY--TOPICAL TERM
Topical term or geographic name as entry element Mobile computing
650 ## - SUBJECT ADDED ENTRY--TOPICAL TERM
Topical term or geographic name as entry element Application software
General subdivision Development
650 ## - SUBJECT ADDED ENTRY--TOPICAL TERM
Topical term or geographic name as entry element Wireless communication systems
700 ## - ADDED ENTRY--PERSONAL NAME
Personal name Naing, Ko Ko
942 ## - ADDED ENTRY ELEMENTS (KOHA)
Source of classification or shelving scheme Dewey Decimal Classification
Item type English Books
Call number suffix SCM
Classification part 005.133
Holdings
Withdrawn status Lost status Source of classification or shelving scheme Damaged status Not for loan Collection code Home library Current library Date acquired Source of acquisition Cost, normal purchase price Total Checkouts Full call number Barcode Date last seen Copy number Cost, replacement price Koha item type
    Dewey Decimal Classification   Not For Loan Non-fiction D.B.Act.Division D.B.Act.Division 20/05/2009 DBAD / PUB 625.00   005.133 SCM EN-77148 20/05/2009 1 625.00 English Books

© Delhi Public Library
Hit Counter
free hit counter